[Event "ESP-chT Div Honor 2018"]
[Site "Linares"]
[Date "2018.08.10"]
[Round "5"]
[White "Meier, Georg"]
[Black "Baklan, Vladimir"]
[Result "1/2-1/2"]
[WhiteElo "2638"]
[BlackElo "2596"]
[Annotator "TA"]
[PlyCount "111"]
[EventDate "2018.08.06"]
[EventType "team-tourn"]
[EventCountry "ESP"]
[SourceTitle "playchess.com"]
[Source "ChessBase"]
[SourceQuality "1"]

{[%evp 21,111,15,12,-14,-20,0,11,10,0,0,0,0,0,-6,0,-8,0,0,0,0,0,0,0,0,0,0,0,0,0,0,0,0,0,0,0,0,0,0,0,0,7,0,7,7,7,7,12,0,7,7,7,7,7,7,7,7,7,7,7,7,7,7,7,0,7,7,7,7,7,0,0,0,6,0,0,0,0,0,0,0,0,0,0,0,0,0,8,0,0,0,0,0]} 1. Nf3 Nf6 2. g3 g6 3. Bg2 Bg7 4. O-O O-O 5. d4 d6 {[%cal Bd7d6,Bd6d5][%mdl 32]} 6. b3 c5 7. Bb2 cxd4 8. Nxd4 d5 9. c4 e5 {A49: Königsindisch (ohne c2-c4)} 10. Nf3 (10. Nb5 a6 11. N5c3 d4 12. Nd5 Nc6 13. e4 b5 14. Ba3 Re8 15. Nd2 Be6 16. Rc1 Rc8 17. h3 {1-0 (39) Andreikin,D (2712)-Gupta,A (2610) chess.com INT 2018}) 10... e4 11. Nd4 dxc4 {LiveBook: 18 Partien. Die Stellung ist ausgeglichen.} 12. Na3 {[%cal Bb1a3,Ba3c4,Bc4a5,Ba5c6][%mdl 32]} cxb3 13. axb3 $146 ({Vorgänger:} 13. Qxb3 Nc6 14. Rfd1 {½-½ (30) Dizdarevic,E (2475)-Hamdouchi,H (2592) Plovdiv 2010}) 13... Nc6 14. Nxc6 bxc6 15. Nc4 Qxd1 16. Rfxd1 Be6 17. Na5 c5 18. Rdc1 Rab8 19. Rxc5 Nd7 20. Rc2 Bxb2 21. Rxb2 f5 22. Nc6 Rxb3 23. Rxb3 Bxb3 24. Rxa7 Nf6 25. e3 Rf7 26. Ra8+ Kg7 27. Nd4 Bd5 28. Ra5 Rb7 {[#] Droht stark ...Tb1+.} 29. Bf1 h5 30. Bb5 Rc7 31. Kg2 Bf7 32. h3 Re7 33. Be2 Rc7 34. Bb5 Re7 35. Bc6 Rc7 36. Ra8 Re7 37. Ra6 Bc4 38. Ra5 Rc7 39. Ra4 Bf7 40. Ra1 Kf8 41. Kf1 Re7 42. Ke1 Re5 43. Ra8+ Kg7 44. Ra7 Kf8 45. Kd2 Rc5 46. Bd7 Rd5 47. Bc8 Rd8 48. Bb7 Rd7 {[#] Und ...Kg7 würde nun gewinnen.} 49. Ra8+ Kg7 50. Ba6 Nd5 51. Bb5 Rc7 52. Ra1 Nf6 53. Bc6 Ng8 54. Ra6 Ne7 55. Bb5 Nd5 56. Ra1 {Precision: Weiß = 58%, Schwarz = 72%.} 1/2-1/2

[Event "ESP-chT Div Honor 2018"]
[Site "Linares"]
[Date "2018.08.10"]
[Round "5"]
[White "Perez Candelario, Manuel"]
[Black "Shirov, Alexei"]
[Result "1/2-1/2"]
[WhiteElo "2611"]
[BlackElo "2631"]
[Annotator "TA"]
[PlyCount "90"]
[EventDate "2018.08.06"]
[EventType "team-tourn"]
[EventCountry "ESP"]
[SourceTitle "playchess.com"]
[Source "ChessBase"]
[SourceQuality "1"]

{[%evp 16,90,28,17,28,26,28,25,25,25,25,27,21,22,47,6,11,5,12,9,14,12,8,0,0,-6,-6,-8,-2,-2,-2,-2,-2,-5,-5,-4,-9,-12,-1,-21,-22,-29,0,-4,0,0,0,0,0,0,0,-15,-11,-9,0,0,0,0,0,0,0,0,0,0,0,0,0,0,0,0,0,0,0,0,0,0,0]} 1. e4 e5 2. Nf3 Nf6 3. Nxe5 d6 4. Nf3 Nxe4 5. Nc3 Nxc3 6. dxc3 Be7 7. Be3 O-O 8. Bd3 {C42: Petroff Defence: 3 Nxe5 and unusual White 3rd moves} (8. Qd2 b6 9. O-O-O Bb7 10. h4 Nd7 11. Bd3 Re8 12. Kb1 Bf6 13. Rh3 Nc5 14. Bxc5 bxc5 15. g4 c4 16. Bxc4 {½-½ (26) Caruana,F (2822)-Mamedyarov,S (2808) Stavanger 2018}) 8... Nc6 9. Qe2 {LiveBook: 4 Games} Re8 10. O-O-O {White has an edge.} Bg4 11. h3 Bxf3 12. Qxf3 Bg5 $1 13. Rhe1 $146 ({Predecessor:} 13. Bxg5 Qxg5+ 14. Kb1 Re7 15. h4 Qe5 {½-½ (38) Fernandez Garcia,O (1677)-Pons Lopez,J (1612) Mislata 2011}) 13... Bxe3+ 14. Rxe3 Rxe3 15. Qxe3 Qe7 16. Re1 Qxe3+ 17. Rxe3 $11 {[%mdl 4096] Endgame KRB-KRN} Kf8 18. Kd2 ({Not} 18. Bxh7 $2 g6 $19) 18... Ne5 19. Be2 g5 20. Rg3 h6 21. h4 f6 22. hxg5 fxg5 23. Rh3 Kg7 24. Rh1 Rf8 25. Ke3 Re8 26. Kd2 Nd7 27. b4 Nf6 {Hoping for ...Ne4+.} 28. f3 c5 29. Bd3 {The position is equal.} Re7 30. a4 b6 31. Ra1 Nd5 32. Rb1 h5 {[%cal Bh6h5,Bh5h4][%mdl 32]} 33. a5 h4 34. bxc5 dxc5 35. c4 Nf4 36. axb6 axb6 37. Rxb6 Re5 38. Bf1 Kf7 39. Rc6 Ke7 40. Ra6 Re6 41. Ra5 Kd6 42. Ra8 Kc7 43. Rf8 {Rf5 is the strong threat.} Re5 44. Rf6 Kd7 45. Ra6 Re6 {Precision: White = 63%, Black = 69%.} 1/2-1/2

[Event "ESP-chT Div Honor 2018"]
[Site "Linares"]
[Date "2018.08.10"]
[Round "5"]
[White "Oparin, Grigoriy"]
[Black "Vidit, Santosh Gujrathi"]
[Result "0-1"]
[WhiteElo "2609"]
[BlackElo "2715"]
[Annotator "TA"]
[PlyCount "80"]
[EventDate "2018.08.06"]
[EventType "team-tourn"]
[EventCountry "ESP"]
[SourceTitle "playchess.com"]
[Source "ChessBase"]
[SourceQuality "1"]

{[%evp 17,80,-39,-27,-38,-28,-42,-39,-48,-38,-43,-44,-63,-68,-56,-50,-75,-68,-116,-101,-139,-132,-130,-156,-150,-156,-148,-155,-151,-149,-162,-159,-162,-153,-172,-161,-185,-189,-183,-141,-186,-179,-190,-183,-207,-206,-234,-253,-251,-257,-425,-414,-530,-282,-313,-293,-710,-708,-625,-225,-1450,-1491,-1900,-1821,-29985,-29986]} 1. Nf3 d5 2. g3 c5 3. Bg2 Nf6 4. O-O g6 5. c4 Bg7 6. Qa4+ Nc6 7. cxd5 Nxd5 8. Nc3 e6 {A34: Symmetrical English: 2 Nc3, lines with ...d5} (8... O-O 9. Qc4 Nxc3 10. dxc3 Qb6 11. Qh4 Rd8 12. Ng5 h6 13. Nf3 h5 14. h3 Bf6 15. Bg5 Kg7 16. Rab1 {0-1 (46) Almasi,Z (2682)-Howell,D (2676) Riadh 2017}) 9. Qc4 b6 {LiveBook: 3 Games} 10. d3 O-O {Black is slightly better.} 11. Bg5 Qd7 12. Rac1 Bb7 13. Qh4 Nde7 14. Rfd1 $146 ({Predecessor:} 14. Qh3 Nf5 15. g4 Nfd4 16. Bh6 Bxh6 17. Qxh6 {½-½ (37) Johanson,F (1836)-Perepechenko,V (1532) LSS email 2011}) 14... Nf5 15. Qa4 h6 16. Bd2 Qe7 17. e3 {[#]} Nb4 $1 18. Be1 Rfd8 19. d4 Bc6 ({Much worse is} 19... cxd4 $6 20. Nb5 $15) 20. Qb3 {[#]} Qb7 $1 21. e4 {next d5 is good for White.} Nxd4 22. Nxd4 Rxd4 23. Rxd4 Bxd4 24. Rd1 a5 {[%cal Ba7a5,Ba5a4][%mdl 32]} 25. a3 a4 26. Qc4 b5 27. Qe2 Na6 $36 {[%cal Bb4a6,Ba6b4,Bb4c2][%mdl 2080] Black is in control.} 28. h4 b4 29. axb4 Nxb4 30. h5 g5 31. Kh2 a3 32. bxa3 Rxa3 33. Nb1 $2 (33. Rc1 {might work better.}) 33... Ra2 $19 34. Qf3 Nc2 35. Bc3 {[#]} f5 $1 {[%cal Bf7f5,Bf5e4][%mdl 544]} 36. Qd3 $2 (36. Qe2 Bb5 37. Qf3) (36. exf5 Bxf3) 36... fxe4 37. Qe2 Bd5 $2 (37... Qf7 {...Ne3 is the strong threat.} 38. Bxd4 Nxd4 39. Qxa2 Qxh5+ 40. Bh3 Qxd1) 38. Bxd4 $2 (38. Rd2) 38... Nxd4 39. Qe3 Re2 40. Qa3 Rxf2 {Precision: White = 32%, Black = 82%.} 0-1

[Event "ESP-chT Div Honor 2018"]
[Site "Linares"]
[Date "2018.08.10"]
[Round "5"]
[White "Kokarev, Dmitry"]
[Black "Rodshtein, Maxim"]
[Result "1-0"]
[WhiteElo "2608"]
[BlackElo "2678"]
[Annotator "TA"]
[PlyCount "115"]
[EventDate "2018.08.06"]
[EventType "team-tourn"]
[EventCountry "ESP"]
[SourceTitle "playchess.com"]
[Source "ChessBase"]
[SourceQuality "1"]

{[%evp 17,115,3,12,5,26,3,28,21,30,22,31,23,47,22,18,18,20,18,31,28,34,25,44,46,44,43,67,63,62,45,60,0,65,54,65,63,68,63,66,58,62,41,56,41,61,61,194,194,270,248,298,298,289,289,282,271,258,272,269,265,306,304,312,310,278,291,273,246,312,326,304,316,312,304,304,1106,1098,1059,1067,1053,1052,957,864,640,1491,1505,1398,1414,1358,1091,1292,1288,1361,1343,1344,1302,1278,1292,1215,1124]} 1. e4 e5 2. Nf3 Nc6 3. Bb5 Nf6 4. d3 Bc5 5. Bxc6 dxc6 6. Nbd2 {C65: Spanische Partie (Berliner-Verteidigung)} (6. Qe2 Qe7 7. Nbd2 Bg4 8. h3 Bh5 9. a3 Nd7 10. b4 Bb6 11. Nc4 a5 12. Rb1 axb4 13. axb4 Ra2 {0-1 (52) Carlsen,M (2843)-Aronian,L (2764) Stavanger 2018}) 6... Be6 7. O-O Bd6 8. b3 O-O 9. Bb2 Nd7 {LiveBook: 3 Partien} 10. Qe2 Qe7 $146 ({Vorgänger:} 10... c5 11. Nc4 f6 12. Nh4 Nb8 13. Nxd6 Qxd6 {½-½ (32) Yu,Y (2715)-Eljanov,P (2718) Havana 2015}) 11. a4 b6 12. d4 {[%cal Rd4e5]} f6 13. h3 Kh8 14. Rfe1 Rae8 15. Nc4 Bxc4 16. Qxc4 exd4 17. Bxd4 c5 18. Bc3 a5 19. Rad1 Ne5 20. Bxe5 Bxe5 21. g3 Bd6 22. Kg2 g6 23. Nd2 Rd8 24. Nf3 Rde8 25. Re3 Rd8 26. h4 {[%cal Bh3h4,Bh4h5][%mdl 32]} Kg7 27. Qe2 Qe6 28. h5 Be7 29. Rd5 Rfe8 30. Qd2 Rd6 31. c4 Rdd8 (31... Qc8 $14) 32. e5 $1 $18 {[%cal Re5f6] Droht stark exf6+.} f5 (32... Qg4 $142 33. exf6+ Bxf6) 33. Red3 Rc8 34. h6+ Kg8 35. Rd7 g5 36. Nxg5 Qxh6 37. Nh3 Qxd2 38. Rxd2 Bf8 39. f4 Be7 40. Nf2 h5 41. Nd1 Kf7 42. Nc3 $1 Red8 43. Nb5 $1 Rxd7 44. Rxd7 Ke6 45. Rxc7 Rxc7 46. Nxc7+ {[%mdl 4096] Endspiel KL-KS} Kd7 {Weiß steht klar auf Gewinn.} 47. Nd5 Bd8 48. Kh3 Ke6 49. Nc3 Be7 50. Nb5 Bd8 51. Nd6 Be7 52. Ne8 Kf7 53. Nc7 Bd8 {[#]} 54. Na6 $1 {[%cal Ra6b8]} Ke6 {[#]} 55. Nb8 $1 {[%cal Rb8c6]} Bc7 56. Nc6 Kd7 57. Kh4 ({Schwächer ist} 57. Na7 Bd8 $18) 57... Kxc6 58. Kg5 {Precision: Weiß = 78%, Schwarz = 61%.} 1-0

[Event "ESP-chT Div Honor 2018"]
[Site "Linares"]
[Date "2018.08.10"]
[Round "5"]
[White "Ibarra Jerez, Jose Carlos"]
[Black "Cornette, Deimante"]
[Result "1-0"]
[WhiteElo "2570"]
[BlackElo "2463"]
[Annotator "TA"]
[PlyCount "59"]
[EventDate "2018.08.06"]
[EventType "team-tourn"]
[EventCountry "ESP"]
[SourceTitle "playchess.com"]
[Source "ChessBase"]
[SourceQuality "1"]

{[%evp 24,59,31,35,47,27,30,35,28,36,29,20,30,18,71,47,45,46,50,49,62,50,76,66,110,110,214,199,176,220,204,185,283,286,370,365,358,353]} 1. Nf3 d5 2. g3 Nf6 3. Bg2 c5 4. O-O Nc6 5. d4 cxd4 6. Nxd4 e5 7. Nxc6 bxc6 8. c4 Be6 9. Nc3 {D02: 1 d4 d5 2 Nf3 sidelines, including 2...Nf6 3 g3 and 2...Nf6 3 Bf4} Rc8 10. cxd5 cxd5 11. Qa4+ Qd7 12. Qxd7+ Kxd7 13. Rd1 {[%cal Rc3d5] LiveBook: 15 Games} Bc5 14. Nxd5 Nxd5 15. Bxd5 Bxd5 16. Rxd5+ Ke6 {[#]} 17. Rd2 $146 Rhd8 18. Kf1 a5 (18... Bb6 $11 {remains equal.} 19. Rxd8 Rxd8) 19. Rb1 Bb6 {...Rxc1+! is the strong threat.} 20. Rxd8 Rxd8 $14 {[%mdl 4096] Endgame KRB-KRB} 21. Ke1 Bc5 {Black wants to play ...Bb4+.} 22. e4 Rd4 23. f3 Bb4+ 24. Ke2 Rc4 {[#]} (24... Rd8 $16) 25. a3 $1 $18 {[%cal Ra3b4]} Be7 {[#]} 26. Bd2 $1 a4 27. Rc1 Rd4 (27... Rxc1 $142 28. Bxc1 Bc5) 28. Rc6+ Kd7 29. Ra6 Rc4 30. Bc3 {Precision: White = 74%, Black = 45%.} 1-0

[Event "ESP-chT Div Honor 2018"]
[Site "Linares"]
[Date "2018.08.10"]
[Round "5"]
[White "Forcen Esteban, Daniel"]
[Black "Rakhmanov, Aleksandr"]
[Result "0-1"]
[WhiteElo "2569"]
[BlackElo "2629"]
[Annotator "TA"]
[PlyCount "102"]
[EventDate "2018.08.06"]
[EventType "team-tourn"]
[EventCountry "ESP"]
[SourceTitle "playchess.com"]
[Source "ChessBase"]
[SourceQuality "1"]

{[%evp 12,102,0,0,0,0,1,9,10,14,17,16,12,15,0,0,0,-21,0,2,15,-11,-17,-20,-18,-33,0,-12,0,-67,-33,-63,-34,-50,-20,-36,-13,-13,-13,-9,-9,-12,-12,-12,-20,-13,0,-13,-5,-14,-5,-5,0,-13,0,-12,0,-24,-6,-17,-18,-11,-12,-77,-81,-87,-80,-188,-115,-115,-115,-115,-115,-117,-38,-55,-38,-38,-38,-38,-38,-39,-36,-42,-45,-77,-77,-236,-236,-230,-232,-268,-179]} 1. e4 e5 2. Bc4 Nf6 3. Nc3 Nxe4 4. Qh5 Nd6 5. Bb3 Be7 6. Qxe5 O-O {C27: Vienna Game: 2...Nf6 3 Bc4 Nxe4} 7. Nf3 {LiveBook: 4 Games} (7. d4 Nc6 8. Qf4 Na5 9. Bd5 Ne8 10. Bf3 Nc6 11. Nd5 Bd6 12. Qd2 b6 13. Ne2 Nf6 14. Ne3 {½-½ (43) Caruana,F (2782)-Giri,A (2734) Wijk aan Zee 2014 CBM 159 [Postny,E]}) 7... Nc6 8. Qf4 Na5 {The position is equal.} 9. O-O Nxb3 10. axb3 b6 11. Nd5 Re8 $146 ({Predecessor:} 11... Bb7 12. Nxe7+ Qxe7 13. Re1 Qf6 14. Qxf6 gxf6 {½-½ (63) Babarykin,S (2396)-Iljiushenok,I (2499) Sochi 2016}) 12. d3 Bf8 13. Qg4 f6 14. Bd2 Bb7 15. Ne3 Qe7 16. h4 Qe6 17. Qf4 Nf7 18. Nf5 Ne5 19. N3d4 Qf7 20. f3 ({White should play} 20. Rfe1 $11) 20... a6 21. Rae1 d6 (21... c5 $5 22. Ne2 $8 a5 $15) 22. Ne2 {[%cal Bd4e2,Be2g3,Bg3f5][%mdl 32]} Nc6 23. Bc3 Ne7 24. Nxe7+ Rxe7 25. Ng3 Rae8 26. Nf5 {Hoping for Qg4.} Rxe1 27. Rxe1 Rxe1+ 28. Bxe1 Qe6 29. Bc3 Bc8 30. g4 h5 31. Kf2 Bd7 32. b4 Be8 33. Bd4 Bg6 34. c4 c5 $36 {[%mdl 2048] Black has the initiative.} 35. bxc5 dxc5 36. Bc3 b5 {[%cal Bb6b5,Bb5b4][%mdl 32]} 37. b3 (37. Ba5 $11) 37... b4 $1 $17 {[%cal Rb4c3]} 38. Bb2 a5 39. d4 {[#]} (39. Qe4 $17 {was called for.} Qd7 40. Ne7+ Bxe7 41. Qxg6) 39... cxd4 (39... a4 $1 $19 {[%mdl 512] And now ...cxd4 would win.} 40. d5 (40. bxa4 Qxc4) 40... Qd7) 40. Nxd4 {[#]} Bc5 $1 {Strongly threatening ...Qe5.} 41. gxh5 Bxh5 42. Kg2 Qe8 ({Better is} 42... Qe1 $17 {Threatens to win with ...Qb1.} 43. Qf5 Qd2+ 44. Kh3 Bxd4 45. Bxd4 Qxd4 46. Qxh5 Qd7+ 47. Kg3 a4 48. bxa4 b3) 43. Qf5 $15 Qg6+ 44. Qxg6 Bxg6 {[%mdl 4096] Endgame KBB-KBN} 45. Nc6 {[#]} a4 $1 {[%mdl 512]} 46. bxa4 Be8 47. Nd4 $1 Bxa4 48. f4 Bd1 49. Kf2 $2 (49. f5 $17) 49... Bb3 $1 $19 50. Kf3 Bxc4 51. f5 Bd5+ {Precision: White = 46%, Black = 46%.} 0-1

[Event "ESP-chT Div Honor 2018"]
[Site "Linares"]
[Date "2018.08.10"]
[Round "5"]
[White "Muzychuk, Anna"]
[Black "Santos Latasa, Jaime"]
[Result "1-0"]
[WhiteElo "2564"]
[BlackElo "2582"]
[Annotator "TA"]
[PlyCount "77"]
[EventDate "2018.08.06"]
[EventType "team-tourn"]
[EventCountry "ESP"]
[SourceTitle "playchess.com"]
[Source "ChessBase"]
[SourceQuality "1"]

{[%evp 26,77,43,37,64,18,45,24,47,35,52,50,46,49,49,38,57,57,50,55,129,129,127,123,114,113,114,113,158,158,177,192,184,196,207,189,251,243,244,196,233,150,222,221,214,200,277,273,273,285,304,295,281,287]} 1. e4 e5 2. Nf3 Nc6 3. Bb5 a6 4. Ba4 Nf6 5. O-O Be7 6. Re1 b5 7. Bb3 d6 8. c3 {[%cal Bc2c3,Bc3c4][%mdl 32]} O-O 9. h3 Nb8 10. d4 Nbd7 11. c4 c6 12. Qc2 {C95: Closed Ruy Lopez: Breyer Variation with 10 d4} Bb7 13. Nc3 Rc8 14. a3 {[#] LiveBook: 3 Games. White is slightly better.} Re8 $146 ({Predecessor:} 14... h6 15. Be3 Qc7 16. Rad1 Rfe8 17. cxb5 cxb5 18. Qb1 exd4 19. Nxd4 Bf8 {½-½ (49) Frolyanov,D (2570)-Jakovenko,D (2713) Khanty-Mansiysk 2013}) 15. dxe5 dxe5 16. Nh4 Nc5 17. Nf5 Qd3 18. Be3 Bf8 19. Rad1 Qxc2 20. Bxc2 Red8 21. b4 $36 {[%mdl 2048] White is pushing.} Ne6 22. c5 Ne8 {[#]} (22... Rxd1 $14 23. Rxd1 a5) 23. Bb3 $1 $16 a5 24. Bxe6 fxe6 25. Nh4 axb4 26. axb4 Be7 27. Nf3 Bf6 28. g4 g6 29. Rxd8 Rxd8 30. Rd1 Ra8 (30... Rxd1+ {might work better.} 31. Nxd1 Bg7) 31. Bc1 Bc8 32. Bb2 Nc7 33. Ra1 Na6 (33... Rxa1+ $16 34. Bxa1 Na6) 34. Nd1 $18 Bb7 {[#]} 35. Bc3 $1 (35. Bxe5 Bxe5 36. Nxe5 Nxb4 $14) (35. Nxe5 Nxb4 36. Rxa8+ Bxa8 $15) 35... Rd8 36. Nb2 {White has a decisive advantage.} ({Not} 36. Bxe5 Bxe5 37. Nxe5 Nxb4 $14) 36... g5 37. Kf1 h6 38. Ke2 ({Stronger than} 38. Bxe5 Kf7 $11) 38... Kg7 39. Nd3 {Precision: White = 75%, Black = 28%.} ({Resist} 39. Nxe5 $6 Ra8 $18) 1-0

[Event "ESP-chT Div Honor 2018"]
[Site "Linares"]
[Date "2018.08.10"]
[Round "5"]
[White "Mirzoev, Azer"]
[Black "Edouard, Romain"]
[Result "1/2-1/2"]
[WhiteElo "2510"]
[BlackElo "2638"]
[Annotator "TA"]
[PlyCount "70"]
[EventDate "2018.08.06"]
[EventType "team-tourn"]
[EventCountry "ESP"]
[SourceTitle "playchess.com"]
[Source "ChessBase"]
[SourceQuality "1"]

{[%evp 27,70,8,15,18,43,15,48,31,43,26,31,12,30,0,26,28,31,20,25,10,29,27,57,47,38,40,33,43,49,8,18,18,15,8,8,5,88,88,79,47,76,0,0,0,8]} 1. d4 d5 2. Nf3 Nf6 3. c4 dxc4 4. e3 e6 5. Bxc4 c5 6. O-O a6 7. dxc5 Qxd1 8. Rxd1 Bxc5 9. Nbd2 b6 10. b3 Bb7 11. Bb2 Nbd7 12. Be2 O-O {D27: Queen's Gambit Accepted: Classical main line: 7 e4!? and 7 a4} 13. Rac1 Rfc8 (13... Rfd8 14. Nc4 Bd5 15. Bd4 Rac8 16. Bxc5 Rxc5 17. Nce5 Bxf3 18. Nxf3 Rxc1 19. Rxc1 a5 20. Rc6 {½-½ (40) Nepomniachtchi,I (2705)-Nakamura,H (2816) Baku 2015}) 14. Nc4 Bd5 {LiveBook: 10 Games} 15. Kf1 Kf8 {[#]} 16. Nce5 $146 ({Predecessor:} 16. h3 Ke8 17. Bd4 b5 18. Bxc5 bxc4 19. Bd4 cxb3 20. Rxc8+ Rxc8 21. axb3 Bxb3 {½-½ (41) Buhmann,R (2580)-Fridman,D (2614) Saarbruecken 2013}) 16... Nxe5 17. Nxe5 Ke7 18. Bf3 Bxf3 19. Nxf3 Bd6 20. Ne5 Bxe5 21. Bxe5 g6 22. Ke2 b5 23. f3 a5 24. e4 Ne8 25. g4 f6 26. Bg3 e5 27. g5 Ke6 28. h4 fxg5 29. hxg5 {aiming for Rxc8.} Nd6 $1 30. Bf2 b4 31. Kf1 Rc3 {[#]} (31... a4 $11 {keeps the balance.}) 32. Rxc3 $1 $16 bxc3 {[#]} 33. Rc1 $1 Rc8 34. a4 ({White should try} 34. Bb6 $16) 34... c2 35. Be1 Rb8 {Precision: White = 54%, Black = 32%.} 1/2-1/2

[Event "ESP-chT Div Honor 2018"]
[Site "Linares"]
[Date "2018.08.10"]
[Round "5"]
[White "Cuenca Jimenez, Jose Fernando"]
[Black "Lopez Martinez, Josep Manuel"]
[Result "1/2-1/2"]
[WhiteElo "2506"]
[BlackElo "2585"]
[Annotator "TA"]
[PlyCount "250"]
[EventDate "2018.08.06"]
[EventType "team-tourn"]
[EventCountry "ESP"]
[SourceTitle "playchess.com"]
[Source "ChessBase"]
[SourceQuality "1"]

{[%evp 19,250,20,28,25,32,33,36,0,0,0,12,10,7,12,27,0,0,0,0,-89,-92,-100,-80,-89,-79,-128,-117,-120,0,-110,-90,-139,-125,-114,-122,-124,-85,-100,-97,-107,-103,-115,-100,-104,-81,-100,-55,-95,-81,-119,-85,-132,-121,-130,-89,-89,-89,-89,-89,-89,-89,-89,-89,-119,-108,-118,-89,-89,-89,-89,-89,-89,-89,-89,-89,-89,-89,-110,-90,-90,-90,-100,-91,-100,0,-54,-44,-95,-88,-91,-91,-91,-46,-88,-60,-95,-75,-92,-66,-82,-44,-63,-13,-42,0,-73,0,-50,-20,-74,0,0,0,-25,43,22,64,-25,0,-25,0,-35,-41,-74,-47,-47,-47,-47,-47,-72,-47,-58,-37,-85,-85,-94,0,0,0,0,0,0,0,0,0,0,0,0,0,0,0,0,0,0,0,0,0,0,0,0,-20,-20,0,-20,0,0,0,-6,0,0,0,0,0,-19,0,-11,-12,-12,0,0,0,0,0,0,0,0,0,0,0,0,0,0,0,0,0,0,0,0,0,0,0,0,0,0,0,0,0,0,0,-20,0,0,0,0,0,0,0,0,0,0,0,0,0,0,0,0,0,0,0,0,0,0,-71]} 1. d4 Nf6 2. c4 e6 3. Nf3 d5 4. g3 Bb4+ 5. Bd2 Be7 6. Bg2 O-O 7. O-O c6 8. Qc2 Nbd7 9. Bf4 a5 10. Rd1 Ne4 {LiveBook: 6 Partien} 11. Nc3 {E11: Damenindisch (Bogoljubow-Variante)} g5 (11... f5 12. Ne5 Nxe5 13. Bxe5 Nd6 14. Bxd6 Bxd6 15. e3 Rb8 16. c5 Bc7 17. f4 Bd7 18. a3 Be8 {0-1 (39) Bacrot,E (2709)-Kamsky,G (2705) Elista 2007 CBM 119 [Marin,M]}) 12. Bc1 f5 13. Ne5 $146 {Weiß steht etwas besser.} ({Vorgänger:} 13. b3 b5 14. cxb5 cxb5 15. Nxb5 Ba6 16. a4 Qb6 17. Ba3 {½-½ (17) Gaethofs,H (2000)-Nenciulescu,S (2002) LSS email 2009}) 13... Nxe5 14. dxe5 {[%cal Rc3e4]} Qe8 15. Nxe4 fxe4 16. Be3 g4 17. c5 Rf5 18. Bd4 Qf8 19. e3 (19. Rf1 $11 {hält das Gleichgewicht.}) 19... h5 $17 20. Rac1 Bd8 21. Rd2 Bc7 22. Rcd1 Bd7 23. Qb3 Bc8 (23... Rb8 $17) 24. Qc3 (24. Qc2 $1 $11) 24... Qf7 25. Rc1 Bd7 26. Qb3 Rb8 27. Bc3 Kh7 (27... Bxe5 28. Bxe5 Rxe5 29. Qb6 $15) 28. Rcd1 {[#] zielt auf Lxe4! ab.} Be8 29. Qa3 Ra8 30. Qb3 Ra7 31. Bf1 h4 32. Bd4 Bd7 33. Bg2 Kg8 34. Rc2 Be8 (34... Bxe5 35. Bxe4 (35. gxh4 $2 Bc7 $19) 35... dxe4 36. Bxe5 $11) 35. Rdd2 a4 36. Qa3 Ra8 37. b3 Bd7 38. bxa4 Rf8 (38... Bxe5 $6 39. Bxe5 h3 40. Bxe4 $14) 39. Qc1 Qg6 {[%mdl 1024] Schwarz hat starke Kompensation.} 40. Bc3 {Weiss will Lxe4! spielen.} Rh5 41. Qe1 Bc8 42. a5 Kg7 43. Rb2 Rfh8 44. Bf1 Rf5 45. Rdc2 Qh6 46. Bd4 Rf3 (46... Bxe5 $6 47. Bxe5+ Rxe5 48. Qc3 $11) 47. Re2 Kg6 48. a3 Rf5 49. a4 Rhf8 {[#] Weiss muss nun ...hxg3 beachten.} 50. Bg2 R8f7 51. Rec2 Qf8 (51... Bxe5 $6 52. Bxe5 Rxe5 53. a6 $11) (51... Rh7 $17 52. Bf1 Qh5) 52. Rb1 (52. gxh4 Qd8 $17) (52. Qd1 $11) 52... Kg5 53. Re2 (53. h3 $15) 53... Qd8 54. Bc3 Rf8 55. Rc2 Qe7 56. Bd4 Qf7 57. Re2 Kh6 58. Reb2 Bd8 59. Re2 Qc7 60. Bc3 Be7 61. Bd4 Bd8 62. Bc3 Qb8 (62... Qh7 $17) 63. Qd2 Qa7 (63... h3 $5 {[%cal Rh3g2]} 64. Bf1 Qa7 $11) 64. Qd4 (64. Rb2 $11) 64... Bc7 (64... Bxa5 $17 65. Bxa5 (65. gxh4 Rh5 $15) 65... Qxa5) 65. Qb4 $1 $11 R8f7 66. Rc2 Qa6 (66... hxg3 $11 67. fxg3 (67. hxg3 Kg6 $11) 67... Qa6) 67. Bf1 $14 Qa8 68. Bg2 ({Günstiger ist} 68. Be2 $1 $14) 68... Bd8 69. Ra2 Qb8 70. Bd4 Qc7 71. Qb6 Qe7 72. Qb4 Qf8 {Droht ...h3 und aus.} 73. Qe1 Bc7 74. Rc2 Qg7 75. Qc3 Rf8 76. Ra2 (76. gxh4 Rh5) 76... Qf7 {[%cal Rf5f2]} 77. Qe1 Bxa5 ({Lieber} 77... Qh5 $17) 78. Qxa5 $11 {Droht stark De1.Die Stellung ist ausgeglichen.} Rxf2 79. Rab2 h3 80. Qe1 $1 Rxg2+ 81. Rxg2 hxg2 82. Kxg2 Kg6 83. Rb2 Qh7 84. Rf2 Rf3 85. Kg1 Qf7 86. a5 Qf8 87. Qd2 Bd7 88. Qb2 Kh6 89. Kg2 Qf7 90. Kg1 Bc8 91. Kf1 (91. Qe2 {is more complex.} Kg5 92. Rg2 Qh7 93. Qe1 Bd7 94. Rf2) 91... Kg7 92. Kg1 Kf8 93. Kf1 Ke8 94. Kg1 Kd7 95. Qa2 Kc7 96. Qb2 Qf8 97. Qb6+ Kb8 98. Qb2 Ka8 99. Qe2 Ka7 100. Rg2 Qd8 101. Qe1 Kb8 102. Rb2 Kc7 103. Ra2 Kd7 104. Rb2 Rf8 105. Rf2 Rf3 106. Rb2 Qf8 107. Ra2 Qd8 108. Rb2 Qe8 109. Ra2 Rf8 110. Rf2 Rf3 111. Ra2 Qf7 112. Rb2 Ke8 113. Ra2 Qc7 114. Qb4 Rf8 (114... Kf7 {is interesting.} 115. Qb6 Qd7 116. Rb2 Kg6 117. Rb1 Qe8) 115. Rf2 Rxf2 116. Kxf2 Qf7+ 117. Kg1 Qf3 118. Qb6 Kd7 119. Qa7 Qe2 120. Qb6 Qd1+ 121. Kg2 Qd2+ 122. Kg1 Qe2 {Und weiter mit ...De1+ wäre nett.} 123. Qa7 Kc7 (123... Qd1+ $11 124. Kg2 Qd2+ 125. Kg1 Qc1+ 126. Kg2 Qc2+ 127. Kg1 Qd1+ 128. Kg2 Qd2+ 129. Kg1 Qd1+) 124. Qb6+ $17 Kb8 125. Qd8 Qe1+ {Precision: Weiß = 58%, Schwarz = 43%.} 1/2-1/2